| 000 | 00976naa a2200289 c 4500 | ||
|---|---|---|---|
| 001 | 41996 | ||
| 003 | ES-MaCES | ||
| 005 | 20220801113227.0 | ||
| 008 | 110809n2011 sp t 000 | spa d | ||
| 035 | _aCES20110008884v | ||
| 040 |
_aES-MaCES _bspa _cES-MaCES |
||
| 100 | 1 |
_aAmaadachou Kaddur, Farah _96191 |
|
| 245 | 1 | 0 |
_aTratamiento de la inmigración ilegal en España _cFarah Amaadachou Kaddur |
| 500 | _aResumen | ||
| 650 | 4 |
_asentencia judicial _929888 |
|
| 650 | 4 |
_atribunal constitucional _927194 |
|
| 650 | 4 |
_arégimen jurídico _929894 |
|
| 650 | 4 |
_atrabajo clandestino _929563 |
|
| 650 | 4 |
_apermiso de residencia _929829 |
|
| 650 | 4 |
_amigrante irregular _929188 |
|
| 650 | 4 |
_ainmigración ilegal _930619 |
|
| 653 | 1 | 0 | _aJurisprudencia |
| 773 | 0 |
_tAranzadi social _gn. 2 (mayo 2011){10650 R. 079446}; p. 175-200 _w(ES-MaCES)25655 _967537 |
|
| 902 | _aART Artículo de revista | ||
| 942 |
_2CES _cAR _h6.2. |
||
| 999 |
_c41996 _d41996 |
||